000 00873nam a2200253Ia 4500
003 OSt
005 20221005112356.0
006 a|||||r|||| 00| 0
007 ta
008 221004b |||||||| |||| 00| 0 pan d
020 _a9789382804963 (pbk)
_c150
024 _a15194
037 _b883, 08/09/2014, H.K. Prakashan
_cTextual
040 _aCRL
_cCRL
_bpan
041 _2pan
_apan
082 _aV2:51, 153Q4
100 _aਸੰਧੂ, ਵਰਿਆਮ ਸਿੰਘ
245 0 _aਫ਼ਦਰੀ ਬਾਬੇ ਕੌਣ ਸਨ
260 _aਸਮਾਣਾ
_bਸੰਗਮ ਪਬਲੀਕੇFਨਗ਼ ਭਾਰਤ
_c2014
300 _a208ਪੰ
_ccm.
650 _aਪੰਜਾਬੀ ਸਾਹਿਤ
942 _hV2:51, 153Q4
_cTEXL
_2cc
999 _c1024695
_d1024695